000 00534nam a22001817a 4500
999 _c12177
_d12177
008 220627b ||||| |||| 00| 0 eng d
020 _a1870077156
082 _a623.888
_bTNI
100 _aThe Nautical Institute
245 _aAccident and loss prevention at sea : international conference and workshops
250 _aNovember 1993
260 _aLondon
_bThe Nautical Institute
_c1993
300 _a80p.
650 _aMarine accidents
650 _aShips--Safety measures
650 _aShips--Safety regulations
942 _cBK